000 00403nam a22001577a 4500
003 OSt
005 20170210101729.0
008 160803b xxu||||| |||| 00| 0 eng d
020 _a0130408727
040 _cN/A
100 _aArthur .G. Erdman... [at al]
245 _aMechanism Design
_bAnalysis and Synthesis
250 _a4ht ed
260 _aNew Jersey
_bPrentice hall
_c2001
942 _2lcc
_cBK
999 _c254916
_d254915